skbl

Dr Suryya Kumar Bhuyan Library Web-OPAC
ডঃ সূৰ্য্য
কুমাৰ ভূঞা পুথিভঁৰাল ৱেব-অ'পেক

All Research Scholars are advised to clear the annual library fees to continue using Library Resources, Remote Access, Plagiarism Test and Library Clearance.

Cotton University Book Fair 2026

Sahitya Samalochana (Record no. 58446)

MARC details
000 -LEADER
fixed length control field 00537nam a2200205Ia 4500
001 - CONTROL NUMBER
control field 58553
008 - FIXED-LENGTH DATA ELEMENTS--GENERAL INFORMATION
fixed length control field 190903n ii |||gr||||Z||||||asm
020 ## - INTERNATIONAL STANDARD BOOK NUMBER
International Standard Book Number 9788186384480
082 ## - DEWEY DECIMAL CLASSIFICATION NUMBER
Classification number 891.4109
245 #0 - TITLE STATEMENT
Title Sahitya Samalochana
Statement of responsibility, etc. Ananda Barmudai
Medium Textual Documents
250 ## - EDITION STATEMENT
Edition statement Ist.
260 ## - PUBLICATION, DISTRIBUTION, ETC.
Place of publication, distribution, etc. Gauhati
Name of publisher, distributor, etc. Assam Publishing Company
Date of publication, distribution, etc. 2013.
300 ## - PHYSICAL DESCRIPTION
Extent 138pg:
Dimensions 23cm.
653 ## - INDEX TERM--UNCONTROLLED
Uncontrolled term Assamese
653 ## - INDEX TERM--UNCONTROLLED
Uncontrolled term Assamese Literature
653 ## - INDEX TERM--UNCONTROLLED
Uncontrolled term Deptt-Assamese
653 ## - INDEX TERM--UNCONTROLLED
Uncontrolled term G- Assamese
700 ## - ADDED ENTRY--PERSONAL NAME
Personal name Barmudai,Ananda .
942 ## - ADDED ENTRY ELEMENTS (KOHA)
Source of classification or shelving scheme Dewey Decimal Classification
Koha item type Books
Holdings
Withdrawn status Lost status Damaged status Not for loan Collection Home library Current library Shelving location Date acquired Coded location qualifier Cost, normal purchase price Total checkouts Full call number Barcode Date last seen Copy number Price effective from Koha item type Date last checked out
          Dr. Suryya Kumar Bhuyan Library Dr. Suryya Kumar Bhuyan Library   03/09/2019 00000 100.00   891.4109 Bo 645 Sa 6195/As 14/01/2024 1 03/09/2019 Books  
          Dr. Suryya Kumar Bhuyan Library Dr. Suryya Kumar Bhuyan Library   03/09/2019 00000 100.00 1 891.4109 Bo 645 Sa 1552/cu 03/01/2025 3 03/09/2019 Books 09/12/2024
          Dr. Suryya Kumar Bhuyan Library Dr. Suryya Kumar Bhuyan Library   03/09/2019 00000 100.00   891.4109 Bo 645 Sa 1553/cu 14/01/2024 2 03/09/2019 Books  

Designed and Maintained by Team SKBL
©1901-2026

Powered by Koha